000 00298nam a22001337a 4500
008 170525b xxu||||| |||| 00| 0 eng d
020 _a9788131501115
041 _aeng
080 _27 ED
_a621
100 _a26
101 _aIM
245 _aANALYTICAL MECHANICS
_cFOWLES.G.R
942 _2udc
_cBK
999 _c14193
_d14193